Sancti Bonaventurae ex Ordine Minorum S. R. E. episcopi card. albanensis eximii ecclesiae Doctoris opera Sixti V. pont. max. jussu diligentissime emendata

Detalles Bibliográficos
Autor principal: Bonaventura, santo, card., ca. 1221-1274
Formato: Libro
Lenguaje:Latin
Publicado: Venetiis : ex typographia Stephani Orlandini, 1751-
Edición:In hac nova editione tres in partes tributa, quarum una certa; altera dubia; supposititia tertia complectitur. Accedit Sancti Doctoris vita, una cum Diatriba historico-chronologico-critica in opera ejusdem
Materias:
Colección:Banco de datos
Acervo:Biblioteca Félix de Jesús Rougier de los Misioneros del Espíritu Santo. Fondo Antiguo
Descripción Física:13 t. : il. ; 4°
Notas:Portada tipográfica con viñeta en grabado xilográfico. Título de la anteportada: Sancti Bonaventurae S. R. E. episcopi card. albanensis opera omnia in XIII tomos distributa. Texto a dos columnas con apostillas marginales. Incluye retrato de san Buenaventura en grabado calcográfico (496). Incluyen capitulares floreadas en grabado xilográfico. Encuadernación en cartón con lomo en piel (496-499). Sello en tinta Biblioteca de la Comunidad de la Santa Cruz (496-499). Sello en tinta de la Biblioteca de Félix de Jesús Rougier (496-499)
LEADER 01591nam a22001930004500
035 |a 333 
041 0 |a lat 
100 1 |a Bonaventura, santo, card., ca. 1221-1274 
245 1 0 |a Sancti Bonaventurae ex Ordine Minorum S. R. E. episcopi card. albanensis eximii ecclesiae Doctoris opera Sixti V. pont. max. jussu diligentissime emendata 
250 |a In hac nova editione tres in partes tributa, quarum una certa; altera dubia; supposititia tertia complectitur. Accedit Sancti Doctoris vita, una cum Diatriba historico-chronologico-critica in opera ejusdem  
260 |a Venetiis : ex typographia Stephani Orlandini, 1751- 
300 |a 13 t. : il. ; 4° 
500 |a Portada tipográfica con viñeta en grabado xilográfico. Título de la anteportada: Sancti Bonaventurae S. R. E. episcopi card. albanensis opera omnia in XIII tomos distributa. Texto a dos columnas con apostillas marginales. Incluye retrato de san Buenaventura en grabado calcográfico (496). Incluyen capitulares floreadas en grabado xilográfico. Encuadernación en cartón con lomo en piel (496-499). Sello en tinta Biblioteca de la Comunidad de la Santa Cruz (496-499). Sello en tinta de la Biblioteca de Félix de Jesús Rougier (496-499)  
504 |a Al final de cada tomo está el índice de cuestiones 
600 1 4 |a Bonaventura, santo, card., ca. 1221-1274-Obras 
949 |a Biblioteca Félix de Jesús Rougier, Fondo Antiguo t. 1 (496); t. 2 (497); t. 3 (498); t. 4 (499)  
942 |c ROUGIER 
943 |g Biblioteca Félix de Jesús Rougier de los Misioneros del Espíritu Santo. Fondo Antiguo 
999 |c 945352  |d 945352